=LDR 00000nam 2200000 4500 =001 INLIS000000000049248 =005 20170203101214.0 =006 =007 =008 =020 ##$$a 978-602-848-7504 =035 ##$$0010-021700000000040 =040 ##$$a NBPDMAT =090 ##$$a 352. 150 959 865 02 Tur p =100 ##$$a Turmuzi =245 ##$$a Pendidikan keteladanan / $c Oleh Turmuzi =260 ##$$a ( SL ) : ( SN ) , $c 2015 =300 ##$$a VI, 139 hlm . ; $c 20 cm =650 ##$$a Pisikologi Pendidikan - NTB - Bunga Rampai